| 000 | 00634nam a2200217Ii 4500 | ||
|---|---|---|---|
| 001 | 3148 | ||
| 003 | CO-ViMGA | ||
| 008 | 241108s9999||||xx |||||||||||||| ||und|| | ||
| 020 | _a958200391X | ||
| 040 |
_aCO-ViMGA _bspa _erda _cCO-ViMGA |
||
| 041 | 0 | _aspa | |
| 082 | 0 | 4 | _a574.507 A71p |
| 100 | 1 |
_aGonzalo Arcila Ramírez _947424 |
|
| 245 | 1 | 0 | _aPsicopedagogía para una ecología de la mente |
| 264 | 1 | _aBogotá, Colombia : Cargraphics, 1998 | |
| 300 | _avolumen | ||
| 336 |
_atext _btxt _2rdacontent |
||
| 337 |
_aunmediated _bn _2rdamedia |
||
| 338 |
_avolume _bnc _2rdacarrier |
||
| 940 | _aidficha_siabuc: 3073. -- ficha_no_siabuc:3148 | ||
| 999 |
_c42023 _d42023 |
||